000 00652nam#a22002415a#4500
001 772
008 081015s1997####nyua###g#d####000#0#spa#d
245 1 0 _aDiccionario :
_bOxford Pocket /
_cOxford Universidad Press.
250 _a1ª ed.
260 _aNew York :
_bOxford Universidad Press,
_c1997.
300 _a691 p. :
_bil. ;
_c18 cm.
020 _a9780194312455
110 2 _aOxford Universidad Press.
080 _a(038)=111/=134.2
084 _a099
653 _aDiccionario bilingüe
653 _aEspañol-Inglés
653 _aInglés-Español
040 _aAR-ClEAG
_cAR-ClEAG
005 20241107184646.0
003 AR-ClEAG
942 _cBK
999 _c772
_d772
980 _62
_aEvangelina Gallicchio
_82
_gEvangelina Gallicchio